Biggest Cities That Aren't World Capitals with Exceptions #2 - Statistics

General Stats
  • This quiz has been taken 73 times
  • The average score is 15 of 20
Answer Stats
Population City % Correct
17.7 mil Los Angeles
97%
22.2 mil New York City
96%
21.9 mil São Paulo
96%
9.8 mil Chicago
93%
12.7 mil Rio de Janeiro
93%
6.4 mil Houston
90%
7.2 mil Toronto
85%
17.6 mil Lagos
84%
7.7 mil San Francisco
84%
6.8 mil Dallas
82%
5.5 mil Saint Petersburg
81%
7.5 mil Boston
78%
6.2 mil Miami
78%
9.3 mil Istanbul
73%
7.3 mil Philadelphia
73%
5.3 mil Alexandria
66%
5.6 mil Atlanta
61%
5.5 mil Dar es Salaam
54%
5.7 mil Detroit
52%
5.2 mil Abidjan
33%
No matching quizzes found
Score Distribution
Percent of People with Each Score
Percentile by Number Answered
Your Score History
You have not taken this quiz